Statistics for Joan Allen Filmography

Click here to take the quiz!

General Stats

  • This quiz has been taken 3 times
    (2 since last reset)
  • The average score is 6 of 84

Answer Stats

TypeYearName% Correct
Film1995Nixon
100%
Film1996The Crucible
100%
Film2006Bonneville
50%
Film2012The Bourne Legacy
50%
Film2004The Bourne Supremacy
50%
Film2007The Bourne Ultimatum
50%
Film2000The Contender
50%
Film2004The Notebook
50%
TV Show1987The Twilight Zone
50%
Web Mini-SeriesTBAZero Day
50%
Film2014A Good Marriage
0%
Theater1986A Lesson from Aloes
0%
Documentary Series1999-2001American Experience
0%
TV Show1987American Playhouse
0%
Theater1982, 1983-1984And a Nightingale Sang...
0%
Theater2006-2007An Oak Tree
0%
Theater1981Arms and the Man
0%
Film1978A Wedding
0%
Theater1980Balm in Gilead
0%
Documentary2008Blessed Is the Match
0%
Theater1980Bonjour, La, Bonjour
0%
Theater1987-1988Burn This
0%
Theater1983Cloud 9
0%
Film1985Compromising Positions
0%
Film2008Death Race
0%
Theater1991Earthly Possessions
0%
Film1993Ethan Frome
0%
TV Mini-Series1985Evergreen
0%
Theater1979Exit the King
0%
Film1997Face/Off
0%
Theater1978Fifth of July
0%
TV Show1996Frasier
0%
TV Film2009Georgia O'Keeffe
0%
Film2009Hachi: A Dog's Tale
0%
Theater2009Impressionism
0%
Film1989In Country
0%
Film1999It's the Rage
0%
Film1993Josh and S.A.M.
0%
Web Mini-Series2021Lisey's Story
0%
Theater1982Loose Ends
0%
Theater1990Love Letters
0%
TV Show2012Luck
0%
Film1995Mad Love
0%
Film1986Manhunter
0%
Film2003Off the Map
0%
Theater1981Of Mice and Men
0%
Theater1977Our Late Night
0%
Film1986Peggy Sue Got Married
0%
Theater1978Philadelphia, Here I Come!
0%
Film1998Pleasantville
0%
Theater1980Quiet Jeannie Green
0%
Theater1990Reckless
0%
Documentary2014Rickover: The Birth of Nuclear Power
0%
Film2015Room
0%
TV Show1998Saturday Night Live
0%
TV Film1983Say Goodnight, Gracie
0%
Theater1979Say Goodnight, Gracie
0%
Film1993Searching for Bobby Fischer
0%
Audiobook2008The Almost Moon
0%
Video Game2011The Elder Scrolls V: Skyrim
0%
TV Show2016The Family
0%
Theater1988-1989, 1989-1992, 2020The Heidi Chronicles
0%
Theater1982The House
0%
Film1997The Ice Storm
0%
TV Show2014The Killing
0%
Theater1985The Marriage of Bette and Boo
0%
Theater1983The Miss Firecracker Contest
0%
TV Mini-Series2001The Mists of Avalon
0%
Documentary2006The Rape of Europa
0%
TV Film1987The Room Upstairs
0%
Theater1984-1985The Three Sisters
0%
Film2005The Upside of Anger
0%
Theater2018-2019The Waverly Gallery
0%
Theater2013The Wheel
0%
Podcast2009The World of Promise Audio Bible
0%
Film1988Tucker: The Man and His Dream
0%
Theater1979Waiting for Lefty
0%
Theater1981Waiting for the Parade
0%
Short Documentary2010Waking the T. Rex: The Story of SUE
0%
Film2000When the Sky Falls
0%
Documentary2018Who Will Write Our History
0%
TV Film1991Without Warning: The James Brady Story
0%
Film2004Yes
0%
Film1986Zeisters
0%

Score Distribution

Percentile by Number Answered

Percent of People with Each Score

Your Score History

You have not taken this quiz since the last reset